000
00292nam a2200109Ia 4500
008
200302s9999 xx 000 0 und d
100
_a
Frederique Lemerle & Others
245
_a
Baroque Architecture 1600,1750
260
_b
Flammarion Publishing Co., Ltd.,
260
_c
2008
300
_a
247 P.,
999
_c
3025
_d
3025